Facções criminosas : (Record no. 51)

MARC details
000 -LÍDER
Campo Fixo de Controle 00879cam a2200265 a 4500
001 - NÚMERO DE CONTROLE
Campo de Controle 51
003 - IDENTIFICAÇÃO DO NÚMERO DE CONTROLE
Campo de Controle BR-CuiBMT
005 - DATA E HORA DA ÚLTIMA ATUALIZAÇÃO
Campo de Controle 20231116230701.0
008 - DADOS FIXOS
Dados Fixos 230808s2023 mgb 000 0 por d
020 ## - INTERNATIONAL STANDARD BOOK NUMBER
Nº do ISBN 9786555185126
040 ## - AGÊNCIA CATALOGADORA
Código da Agência Catalogadora BR-CuiBMT
Agência que transcreveu o registro BR-CuiBMT
080 ## - Nº DA CLASSIFICAÇÃO DECIMAL UNIVERSAL
Nº Class. CDU 343.9.02
Nº edição CDU 2007
090 ## - NÚMERO DE CHAMADA
Nº classificação 343.9.02
Cutter L979f
100 1# - ENTRADA PRINCIPAL -- AUTOR PESSOAL
Nome pessoal Luz, William
245 10 - TÍTULO PRINCIPAL
Título principal Facções criminosas :
Subtítulo análise jurídica e estratégicas de enfrentamento /
Indicação de responsabilidade William Luz, Rômulo Cordão ; prefácio Carlos Alberto Ferreira do Nascimento.
260 ## - PUBLICAÇÃO, DISTRIBUIÇÃO, ETC.
Local de publicação Belo Horizonte :
Editora Fórum,
Data 2023.
300 ## - DESCRIÇÃO FÍSICA
N. páginas ou volumes 253 p. ;
Dimensões 22 cm
504 ## - NOTA DE BIBLIOGRAFIA, ETC.
Nota de bibliografia Inclui bibliografia.
650 ## - ASSUNTO TÓPICO
Cabeçalho tópico ou nome geográfico Organizações criminosas
Subdivisão geográfica Brasil
650 ## - ASSUNTO TÓPICO
Cabeçalho tópico ou nome geográfico Tráfico de drogas
Subdivisão geral Facções criminosas
650 ## - ASSUNTO TÓPICO
Cabeçalho tópico ou nome geográfico Lavagem de dinheiro
Subdivisão geral Facções criminosas
650 ## - ASSUNTO TÓPICO
Cabeçalho tópico ou nome geográfico Criminologia
Subdivisão geográfica Brasil
700 1# - ENTRADA SECUNDÁRIA -- NOME PESSOAL
Nome pessoal Cordão, Rômulo
942 ## - ELEMENTOS DE ENTRADA ADICIONAIS (KOHA)
Fonte de classificação ou esquema de arquivamento Classificação Decimal Universal
Tipo de item do Koha Livros
Holdings
Estado: removido Estado: perdido Fonte de classificação ou esquema de arquivamento Estado: danificado Indisponível para empréstimo Localização permanente Localização atual Data de aquisição Total Checkouts Número de Chamada completo Código de barras Date last seen Número do exemplar Preço efetivo a partir de Tipo de item (Koha)
    Classificação Decimal Universal     Biblioteca da Escola Superior de Contas do TCE/MT Biblioteca da Escola Superior de Contas do TCE/MT 28/07/2023   343.9.02 L979f BIBTCEMT23080027 08/08/2023 Ex. 1 08/08/2023 Livros

Powered by Koha